Ваш подвиг в сердце мы храним... (Запись № 13659031)

Подробности
000 -МАРКЕР
контрольное поле 02580nam0a2200421 4500
001 - ИДЕНТИФИКАТОР ЗАПИСИ
контрольное поле RU\NLR\BIBL_A\022225210
005 - ИДЕНТИФИКАТОР ВЕРСИИ
контрольное поле 20260420005945.0
010 ## - МЕЖДУНАРОДНЫЙ СТАНДАРТНЫЙ НОМЕР КНИГИ (ISBN)
Номер (ISBN) 978-5-600-03947-6
Тираж 700
021 ## - НОМЕР ГОСУДАРСТВЕННОЙ РЕГИСТРАЦИИ
Код страны Российская Федерация
Номер КН-П-24-020726
Номер Листа государственной регистраци КН-П-24-2168
035 ## - ДРУГИЕ СИСТЕМНЫЕ НОМЕРА
Идентификатор записи (NLR Aleph) 022225210
100 ## - ДАННЫЕ ОБЩЕЙ ОБРАБОТКИ
Данные общей обработки 20240517d2023 k y0rusy50 ca
101 0# - ЯЗЫК РЕСУРСА
Язык текста, звукозаписи и т.д. русский
102 ## - СТРАНА ПУБЛИКАЦИИ ИЛИ ПРОИЗВОДСТВА
Страна публикации Российская Федерация
105 ## - ПОЛЕ КОДИРОВАННЫХ ДАННЫХ: ТЕКСТОВЫЕ МАТЕРИАЛЫ, МОНОГРАФИЧЕСКИЕ
Кодированные данные о монографическом текстовом документе acbhz 000yd
181 #0 - ПОЛЕ КОДИРОВАННЫХ ДАННЫХ: ВИД СОДЕРЖАНИЯ
Код вида содержания (ISBD) i3
Код характеристики содержания (ISBD) axxe
181 #0 - ПОЛЕ КОДИРОВАННЫХ ДАННЫХ: ВИД СОДЕРЖАНИЯ
Код вида содержания (ISBD) b2
Код характеристики содержания (ISBD) xb2e
182 #0 - ПОЛЕ КОДИРОВАННЫХ ДАННЫХ: ТИП СРЕДСТВА
Код типа средства (ISBD) n - непосредственное
200 1# - ЗАГЛАВИЕ И СВЕДЕНИЯ ОБ ОТВЕТСТВЕННОСТИ
Основное заглавие Ваш подвиг в сердце мы храним...
Сведения, относящиеся к заглавию история и историческая память о подвигах 110-й Калмыцкой кавалерийской дивизии периода Великой Отечественной войны
Первые сведения об ответственности У. Б. Очиров, С. А. Заярный, Л. П. Бадышева
Последующие сведения об ответственности Благотворительный фонд по сохранения историко-культурного наследия "Наше Наследие" [и др.]
203 ## - ВИД СОДЕРЖАНИЯ И ТИП СРЕДСТВА
Вид содержания Текст
-- Изображение
Дополнительные сведения об издании визуальные
Тип средства непосредственные
210 ## - ПУБЛИКАЦИЯ, РАСПРОСТРАНЕНИЕ И ДР.
Место издания, распространения и т.д. Элиста
Имя издателя, распространителя и т. д. КалмНЦ РАН
Дата издания, распространения и т.д. 2023
215 ## - ФИЗИЧЕСКАЯ ХАРАКТЕРИСТИКА
Специфическое обозначение материала и объем 319 с.
Другие сведения о физической характеристике ил., цв. ил., портр., факс., карты
Размеры 30
300 ## - ОБЩИЕ ПРИМЕЧАНИЯ
Текст примечания На 4-й с. обл. авт.: У. Б. Очиров, д-р ист. наук, Заслуж. деят. науки Респ. Калмыкия, С. А. Заярный, воен. историк, Л. П. Бадышева, Заслуж. работник культуры Респ. Калмыкия
300 ## - ОБЩИЕ ПРИМЕЧАНИЯ
Текст примечания Доп. информ. в ссылках QR-кодов кн.
320 ## - ПРИМЕЧАНИЯ О НАЛИЧИИ В ДОКУМЕНТЕ БИБЛИОГРАФИИ / УКАЗАТЕЛЯ
Текст примечания Библиогр.: с. 316-318
601 02 - НАИМЕНОВАНИЕ ОРГАНИЗАЦИИ КАК ПРЕДМЕТ
Начальный элемент ввода Отдельная Калмыцкая кавалерийская дивизия
Идентифицирующий признак 110
Системный номер авторитетной/нормативной записи 2529457
Идентификатор авторитетной/нормативной записи RU\NLR\AUTH\661498332
606 1# - НАИМЕНОВАНИЕ ТЕМЫ КАК ПРЕДМЕТ
Наименование темы Великая Отечественная война
Тематический подзаголовок Герои и героизм
Географический подзаголовок Калмыцкая АССР
Хронологический подзаголовок 1941 - 1945
Системный номер авторитетной/нормативной записи 2397100
Идентификатор авторитетной/нормативной записи RU\NLR\AUTH\661429152
686 1# - ИНДЕКСЫ ДРУГИХ КЛАССИФИКАЦИЙ
Индекс Ц35(2)722-59-21д
686 1# - ИНДЕКСЫ ДРУГИХ КЛАССИФИКАЦИЙ
Индекс Ц35(2)722-424д(2Р-6Ка)
700 #1 - ИМЯ ЛИЦА - ПЕРВИЧНАЯ ОТВЕТСТВЕННОСТЬ
Начальный элемент ввода Очиров
Часть имени, кроме начального элемента ввода У. Б.
Даты 1973-
Расширение инициалов личного имени Уташ Борисович
701 #1 - ИМЯ ЛИЦА - АЛЬТЕРНАТИВНАЯ ОТВЕТСТВЕННОСТЬ
Начальный элемент ввода Заярный
Часть имени, кроме начального элемента ввода С. А.
Даты 1949-
Расширение инициалов личного имени Сергей Альбертович
701 #1 - ИМЯ ЛИЦА - АЛЬТЕРНАТИВНАЯ ОТВЕТСТВЕННОСТЬ
Начальный элемент ввода Бадышева
Часть имени, кроме начального элемента ввода Л. П.
Даты 1967-
Расширение инициалов личного имени Лариса Петровна
712 02 - НАИМЕНОВАНИЕ ОРГАНИЗАЦИИ - ВТОРИЧНАЯ ОТВЕТСТВЕННОСТЬ
Код отношения Прочие
Начальный элемент ввода Отдельная калмыцкая кавалерийская дивизия
Идентифицирующий признак 110
Системный номер авторитетной/нормативной записи 470871
Идентификатор авторитетной/нормативной записи RU\NLR\AUTH\889987629
942 ## - ДОПОЛНИТЕЛЬНЫЕ ЭЛЕМЕНТЫ ЗАПИСИ (АБИС)
Тип экземпляра АБИС Книга
980 ## - КОЛЛЕКЦИЯ
Название коллекции Национальная библиография

Нет доступных экземпляров.